[Event "ODJM A 2025"]
[Site "Willingen GER"]
[Date "2025.06.13"]
[Round "8"]
[White "Uhlmann, Jonas"]
[Black "Mehner, Lorenz"]
[Result "0-1"]
[Termination "normal"]
[Board "17"]
[WhiteElo "1876"]
[BlackElo "2001"]
[WhiteClock "00:57:04"]
[BlackClock "00:19:31"]
[PlyCount "92"]
[WhiteFideId "16258576"]
[BlackFideId "16293096"]
[EventCountry "GER"]
[EventRounds "9"]
[EventType "swiss"]
[EventDate "2025.06.07"]

1. Nc3 {[%clk 01:30:56]} {[%emt 00:00:04]} c5 {[%clk 01:30:43]} {[%emt
00:00:18]} 2. e4 {[%clk 01:31:15]} {[%emt 00:00:11]} Nc6 {[%clk 01:31:00]}
{[%emt 00:00:13]} 3. Bb5 {[%clk 01:31:20]} {[%emt 00:00:25]} Nd4 {[%clk
01:31:02]} {[%emt 00:00:28]} 4. Nf3 {[%clk 01:31:36]} {[%emt 00:00:13]} a6
{[%clk 01:30:36]} {[%emt 00:00:57]} 5. Bc4 {[%clk 01:31:51]} {[%emt 00:00:14]}
e6 {[%clk 01:28:57]} {[%emt 00:02:09]} 6. O-O {[%clk 01:29:50]} {[%emt
00:02:31]} g6 {[%clk 01:27:11]} {[%emt 00:02:16]} 7. a4 {[%emt 00:00:21]} Bg7
{[%clk 01:26:29]} {[%emt 00:01:10]} 8. d3 {[%clk 01:29:03]} {[%emt 00:01:28]}
Ne7 {[%clk 01:25:49]} {[%emt 00:01:10]} 9. Nxd4 {[%clk 01:27:59]} {[%emt
00:01:34]} cxd4 {[%clk 01:25:35]} {[%emt 00:00:45]} 10. Ne2 {[%clk 01:28:16]}
{[%emt 00:00:12]} d5 {[%clk 01:25:01]} {[%emt 00:01:04]} 11. exd5 {[%clk
01:27:56]} {[%emt 00:00:50]} Nxd5 {[%clk 01:24:40]} {[%emt 00:00:51]} 12. Nf4
{[%clk 01:27:54]} {[%emt 00:00:32]} Ne7 {[%clk 01:19:19]} {[%emt 00:05:51]} 13.
Re1 {[%clk 01:27:05]} {[%emt 00:01:19]} O-O {[%clk 01:19:03]} {[%emt 00:00:47]}
14. Bd2 {[%clk 01:26:42]} {[%emt 00:00:52]} b6 {[%clk 01:14:23]} {[%emt
00:05:11]} 15. Qe2 {[%clk 01:22:31]} {[%emt 00:04:35]} Nf5 {[%clk 01:07:42]}
{[%emt 00:07:17]} 16. Bb4 {[%clk 01:15:04]} {[%emt 00:07:57]} Re8 {[%clk
01:04:23]} {[%emt 00:03:48]} 17. Bd5 {[%clk 01:10:53]} {[%emt 00:04:41]} Rb8
{[%clk 00:59:41]} {[%emt 00:05:12]} 18. Bc6 {[%clk 01:09:07]} {[%emt 00:02:16]}
Bd7 {[%clk 00:58:55]} {[%emt 00:01:16]} 19. Bxd7 {[%clk 01:08:41]} {[%emt
00:00:57]} Qxd7 {[%clk 00:58:48]} {[%emt 00:00:36]} 20. g4 {[%clk 01:07:57]}
{[%emt 00:01:14]} Nh4 {[%clk 00:56:10]} {[%emt 00:03:10]} 21. Ng2 {[%clk
01:05:30]} {[%emt 00:02:55]} Nxg2 {[%clk 00:55:05]} {[%emt 00:01:35]} 22. Kxg2
{[%clk 01:05:51]} {[%emt 00:00:10]} Qc6+ {[%clk 00:54:23]} {[%emt 00:01:12]}
23. Kg1 {[%clk 01:04:22]} {[%emt 00:01:58]} Rbc8 {[%clk 00:53:37]} {[%emt
00:01:16]} 24. Rec1 {[%clk 01:04:31]} {[%emt 00:00:22]} Bh6 {[%clk 00:45:42]}
{[%emt 00:08:25]} 25. Bd2 {[%clk 01:03:57]} {[%emt 00:01:04]} Bxd2 {[%clk
00:45:47]} {[%emt 00:00:25]} 26. Qxd2 {[%clk 01:04:22]} {[%emt 00:00:04]} Qf3
{[%clk 00:46:04]} {[%emt 00:00:13]} 27. Qd1 {[%clk 01:04:43]} {[%emt 00:00:08]}
Qxd1+ {[%clk 00:45:41]} {[%emt 00:00:54]} 28. Rxd1 {[%clk 01:04:54]} {[%emt
00:00:20]} Rxc2 {[%clk 00:45:51]} {[%emt 00:00:21]} 29. Rab1 {[%clk 01:05:11]}
{[%emt 00:00:13]} Rec8 {[%clk 00:45:28]} {[%emt 00:00:53]} 30. Kf1 {[%clk
01:04:44]} {[%emt 00:00:56]} Kg7 {[%clk 00:41:14]} {[%emt 00:04:44]} 31. h3
{[%clk 01:01:18]} {[%emt 00:03:56]} Kf6 {[%clk 00:40:25]} {[%emt 00:01:19]} 32.
Kg2 {[%clk 01:00:40]} {[%emt 00:01:08]} Re2 {[%clk 00:38:27]} {[%emt 00:02:29]}
33. b4 {[%clk 00:57:12]} {[%emt 00:03:58]} Rcc2 {[%clk 00:37:32]} {[%emt
00:01:25]} 34. Rf1 {[%clk 00:57:05]} {[%emt 00:00:38]} e5 {[%clk 00:28:57]}
{[%emt 00:09:04]} 35. Kf3 {[%clk 00:57:15]} {[%emt 00:00:19]} Ke6 {[%clk
00:28:23]} {[%emt 00:01:05]} 36. Rbc1 {[%clk 00:57:26]} {[%emt 00:00:19]} Rxf2+
{[%clk 00:26:41]} {[%emt 00:02:12]} 37. Rxf2 {[%clk 00:57:05]} {[%emt
00:00:51]} Rxc1 {[%clk 00:27:02]} {[%emt 00:00:08]} 38. g5 {[%clk 00:56:56]}
{[%emt 00:00:39]} f5 {[%clk 00:25:31]} {[%emt 00:02:02]} 39. gxf6 {[%clk
00:57:07]} {[%emt 00:00:19]} Kxf6 {[%clk 00:25:56]} {[%emt 00:00:04]} 40. Kg4+
{[%clk 00:57:16]} {[%emt 00:00:21]} Ke6 {[%clk 00:25:22]} {[%emt 00:01:04]} 41.
Kg5 {[%clk 00:57:35]} {[%emt 00:00:11]} Rg1+ {[%clk 00:24:54]} {[%emt
00:00:59]} 42. Kh6 {[%clk 00:57:41]} {[%emt 00:00:23]} Rg3 {[%clk 00:25:01]}
{[%emt 00:00:23]} 43. Kg7 {[%clk 00:58:02]} {[%emt 00:00:08]} e4 {[%clk
00:21:36]} {[%emt 00:03:57]} 44. Rf6+ {[%clk 00:57:57]} {[%emt 00:00:35]} Ke5
{[%clk 00:21:14]} {[%emt 00:00:52]} 45. dxe4 {[%clk 00:56:58]} {[%emt
00:01:28]} d3 {[%clk 00:21:11]} {[%emt 00:00:34]} 46. Rf8 {[%clk 00:57:04]}
{[%emt 00:00:24]} Kxe4 {[%clk 00:19:31]} {[%emt 00:02:10]} 0-1

[Event "ODJM A 2025"]
[Site "Willingen GER"]
[Date "2025.06.13"]
[Round "8"]
[White "Kraus, Linus"]
[Black "Zweigait, Leon"]
[Result "1-0"]
[Termination "normal"]
[Board "18"]
[WhiteElo "1886"]
[BlackElo "1913"]
[WhiteClock "00:18:13"]
[BlackClock "00:57:28"]
[PlyCount "75"]
[WhiteFideId "34629629"]
[BlackFideId "16201388"]
[EventCountry "GER"]
[EventRounds "9"]
[EventType "swiss"]
[EventDate "2025.06.07"]

1. Nf3 {[%clk 01:30:57]} {[%emt 00:00:02]} Nf6 {[%clk 01:30:53]} {[%emt
00:00:08]} 2. c4 {[%clk 01:31:23]} {[%emt 00:00:05]} d5 {[%clk 01:30:56]}
{[%emt 00:00:28]} 3. cxd5 {[%clk 01:30:09]} {[%emt 00:01:42]} Nxd5 {[%clk
01:31:01]} {[%emt 00:00:26]} 4. g3 {[%clk 01:28:47]} {[%emt 00:01:52]} Nc6
{[%clk 01:31:16]} {[%emt 00:00:15]} 5. Bg2 {[%clk 01:26:36]} {[%emt 00:02:40]}
e5 {[%clk 01:31:38]} {[%emt 00:00:08]} 6. d3 {[%clk 01:21:00]} {[%emt
00:06:07]} Be7 {[%clk 01:31:53]} {[%emt 00:00:14]} 7. O-O {[%clk 01:21:21]}
{[%emt 00:00:09]} Be6 {[%clk 01:32:13]} {[%emt 00:00:10]} 8. a3 {[%clk
01:21:15]} {[%emt 00:00:36]} a5 {[%clk 01:31:54]} {[%emt 00:00:49]} 9. Nc3
{[%clk 01:20:17]} {[%emt 00:01:28]} Nb6 {[%clk 01:30:38]} {[%emt 00:01:46]} 10.
Be3 {[%clk 01:17:45]} {[%emt 00:03:02]} O-O {[%clk 01:30:32]} {[%emt 00:00:36]}
11. Rc1 {[%clk 01:16:58]} {[%emt 00:01:17]} Ra6 {[%clk 01:27:51]} {[%emt
00:03:11]} 12. Ne4 {[%clk 01:14:43]} {[%emt 00:02:44]} Nd7 {[%clk 01:26:31]}
{[%emt 00:01:51]} 13. Nc5 {[%clk 01:00:07]} {[%emt 00:15:06]} Nxc5 {[%clk
01:25:22]} {[%emt 00:01:38]} 14. Bxc5 {[%clk 01:00:32]} {[%emt 00:00:06]} Bxc5
{[%clk 01:24:29]} {[%emt 00:01:23]} 15. Rxc5 {[%clk 01:00:56]} {[%emt
00:00:05]} Qd6 {[%clk 01:24:41]} {[%emt 00:00:18]} 16. Rc1 {[%clk 00:56:16]}
{[%emt 00:05:09]} Rb6 {[%clk 01:24:33]} {[%emt 00:00:40]} 17. Qd2 {[%clk
00:55:44]} {[%emt 00:01:02]} Rd8 {[%clk 01:24:28]} {[%emt 00:00:35]} 18. Ng5
{[%clk 00:53:25]} {[%emt 00:02:49]} Bd5 {[%clk 01:24:35]} {[%emt 00:00:23]} 19.
Ne4 {[%clk 00:53:42]} {[%emt 00:00:12]} Bxe4 {[%clk 01:24:40]} {[%emt
00:00:26]} 20. Bxe4 {[%clk 00:53:56]} {[%emt 00:00:16]} Nd4 {[%clk 01:24:43]}
{[%emt 00:00:27]} 21. Rc3 {[%clk 00:46:40]} {[%emt 00:07:47]} f5 {[%clk
01:23:18]} {[%emt 00:01:54]} 22. Bg2 {[%clk 00:46:47]} {[%emt 00:00:22]} f4
{[%clk 01:22:04]} {[%emt 00:01:44]} 23. e3 {[%clk 00:37:16]} {[%emt 00:10:02]}
Nb5 {[%clk 01:20:56]} {[%emt 00:01:37]} 24. Rc2 {[%clk 00:35:25]} {[%emt
00:02:21]} fxe3 {[%clk 01:17:24]} {[%emt 00:04:03]} 25. fxe3 {[%clk 00:35:40]}
{[%emt 00:00:15]} Qxd3 {[%clk 01:17:30]} {[%emt 00:00:24]} 26. Qxd3 {[%clk
00:35:44]} {[%emt 00:00:27]} Rxd3 {[%clk 01:17:55]} {[%emt 00:00:05]} 27. a4
{[%clk 00:32:53]} {[%emt 00:03:21]} Nd6 {[%clk 01:17:55]} {[%emt 00:00:28]} 28.
Rxc7 {[%clk 00:31:24]} {[%emt 00:01:59]} Rxb2 {[%clk 01:16:19]} {[%emt
00:02:06]} 29. Rf2 {[%clk 00:24:13]} {[%emt 00:07:42]} Rd1+ {[%clk 01:11:44]}
{[%emt 00:05:03]} 30. Bf1 {[%clk 00:24:27]} {[%emt 00:00:17]} Rb4 {[%clk
01:10:39]} {[%emt 00:01:35]} 31. Rd7 {[%clk 00:19:24]} {[%emt 00:05:32]} h6
{[%clk 01:08:05]} {[%emt 00:03:04]} 32. h4 {[%clk 00:19:21]} {[%emt 00:00:34]}
Rxa4 {[%clk 01:07:35]} {[%emt 00:01:00]} 33. Rd8+ {[%clk 00:18:55]} {[%emt
00:00:56]} Kh7 {[%clk 01:07:07]} {[%emt 00:00:57]} 34. h5 {[%clk 00:19:14]}
{[%emt 00:00:12]} g6 {[%clk 00:59:17]} {[%emt 00:08:20]} 35. Rd7+ {[%clk
00:18:43]} {[%emt 00:01:00]} Kg8 {[%clk 00:59:41]} {[%emt 00:00:05]} 36. Rf6
{[%clk 00:18:28]} {[%emt 00:00:46]} gxh5 {[%clk 00:58:14]} {[%emt 00:01:58]}
37. Rfxd6 {[%clk 00:18:18]} {[%emt 00:00:40]} Rb1 {[%clk 00:57:28]} {[%emt
00:01:16]} 38. Rc7 {[%clk 00:18:13]} {[%emt 00:00:35]} 1-0

[Event "ODJM A 2025"]
[Site "Willingen GER"]
[Date "2025.06.13"]
[Round "8"]
[White "Zhang, Onno"]
[Black "Beduschi, Ben"]
[Result "1-0"]
[Termination "normal"]
[Board "19"]
[WhiteElo "1859"]
[BlackElo "2017"]
[WhiteClock "00:18:51"]
[BlackClock "00:02:22"]
[PlyCount "55"]
[WhiteFideId "34643397"]
[BlackFideId "16273443"]
[EventCountry "GER"]
[EventRounds "9"]
[EventType "swiss"]
[EventDate "2025.06.07"]

1. e4 {[%clk 01:30:26]} {[%emt 00:00:34]} c5 {[%clk 01:30:33]} {[%emt
00:00:25]} 2. Nf3 {[%clk 01:30:29]} {[%emt 00:00:29]} d6 {[%clk 01:30:54]}
{[%emt 00:00:08]} 3. d4 {[%clk 01:30:48]} {[%emt 00:00:12]} cxd4 {[%clk
01:31:16]} {[%emt 00:00:07]} 4. Nxd4 {[%clk 01:31:11]} {[%emt 00:00:07]} Nf6
{[%clk 01:31:38]} {[%emt 00:00:08]} 5. Nc3 {[%clk 01:31:25]} {[%emt 00:00:17]}
a6 {[%clk 01:32:01]} {[%emt 00:00:08]} 6. Be2 {[%clk 01:27:24]} {[%emt
00:04:28]} e5 {[%clk 01:32:22]} {[%emt 00:00:10]} 7. Nb3 {[%clk 01:27:47]}
{[%emt 00:00:07]} Be6 {[%clk 01:32:45]} {[%emt 00:00:07]} 8. Be3 {[%clk
01:27:19]} {[%emt 00:00:57]} Be7 {[%clk 01:33:08]} {[%emt 00:00:09]} 9. Qd2
{[%clk 01:27:40]} {[%emt 00:00:09]} Nbd7 {[%clk 01:29:16]} {[%emt 00:04:22]}
10. f3 {[%clk 01:26:55]} {[%emt 00:01:13]} Rc8 {[%clk 01:28:24]} {[%emt
00:01:23]} 11. g4 {[%clk 01:25:54]} {[%emt 00:01:30]} O-O {[%clk 01:25:33]}
{[%emt 00:03:20]} 12. O-O-O {[%clk 01:26:06]} {[%emt 00:00:20]} b5 {[%clk
01:25:22]} {[%emt 00:00:42]} 13. h4 {[%clk 01:23:03]} {[%emt 00:03:32]} b4
{[%clk 01:10:12]} {[%emt 00:15:40]} 14. Na4 {[%clk 01:18:53]} {[%emt 00:04:39]}
a5 {[%clk 01:01:40]} {[%emt 00:09:03]} 15. h5 {[%clk 01:13:38]} {[%emt
00:05:46]} Qc7 {[%clk 00:58:17]} {[%emt 00:03:52]} 16. g5 {[%clk 01:13:20]}
{[%emt 00:00:47]} Ne8 {[%clk 00:57:02]} {[%emt 00:01:46]} 17. Na1 {[%clk
00:54:29]} {[%emt 00:19:22]} Qc6 {[%clk 00:47:53]} {[%emt 00:09:38]} 18. b3
{[%clk 00:53:41]} {[%emt 00:01:18]} Nc5 {[%clk 00:35:22]} {[%emt 00:13:01]} 19.
Nb2 {[%clk 00:51:38]} {[%emt 00:02:35]} Nc7 {[%clk 00:15:33]} {[%emt 00:20:16]}
20. Nc4 {[%clk 00:44:38]} {[%emt 00:07:30]} Ra8 {[%clk 00:14:49]} {[%emt
00:01:15]} 21. g6 {[%clk 00:34:15]} {[%emt 00:10:54]} a4 {[%clk 00:12:42]}
{[%emt 00:02:36]} 22. gxh7+ {[%clk 00:31:30]} {[%emt 00:03:14]} Kh8 {[%clk
00:06:42]} {[%emt 00:06:31]} 23. Rdg1 {[%clk 00:19:01]} {[%emt 00:12:58]} axb3
{[%clk 00:04:19]} {[%emt 00:02:55]} 24. Bh6 {[%clk 00:17:52]} {[%emt 00:01:39]}
gxh6 {[%clk 00:01:15]} {[%emt 00:03:34]} 25. Qxh6 {[%clk 00:17:58]} {[%emt
00:00:22]} Ne8 {[%clk 00:01:44]} {[%emt 00:00:02]} 26. Rg8+ {[%clk 00:18:12]}
{[%emt 00:00:16]} Rxg8 {[%clk 00:02:01]} {[%emt 00:00:13]} 27. hxg8=Q+ Kxg8
{[%clk 00:02:22]} 28. Rg1+ {[%clk 00:18:51]} {[%emt 00:00:08]} 1-0

[Event "ODJM A 2025"]
[Site "Willingen GER"]
[Date "2025.06.13"]
[Round "8"]
[White "Tulchynsky, Mark"]
[Black "Groessing, Daniel-Yosuke"]
[Result "0-1"]
[Termination "normal"]
[Board "20"]
[WhiteElo "1810"]
[BlackElo "1974"]
[WhiteClock "00:54:55"]
[BlackClock "00:46:59"]
[PlyCount "60"]
[WhiteFideId "34617698"]
[BlackFideId "1682237"]
[EventCountry "GER"]
[EventRounds "9"]
[EventType "swiss"]
[EventDate "2025.06.07"]

1. e4 {[%clk 01:30:47]} {[%emt 00:00:12]} e6 {[%clk 01:30:53]} {[%emt
00:00:09]} 2. d3 {[%clk 01:30:49]} {[%emt 00:00:26]} d5 {[%clk 01:31:15]}
{[%emt 00:00:08]} 3. Nd2 {[%clk 01:31:15]} {[%emt 00:00:05]} Nf6 {[%clk
01:31:33]} {[%emt 00:00:11]} 4. Ngf3 {[%clk 01:31:30]} {[%emt 00:00:15]} Nc6
{[%clk 01:31:51]} {[%emt 00:00:13]} 5. g3 {[%clk 01:31:15]} {[%emt 00:00:44]}
dxe4 {[%clk 01:31:57]} {[%emt 00:00:24]} 6. dxe4 {[%clk 01:31:40]} {[%emt
00:00:06]} Bc5 {[%clk 01:32:19]} {[%emt 00:00:06]} 7. Bg2 {[%clk 01:31:27]}
{[%emt 00:00:44]} e5 {[%clk 01:32:39]} {[%emt 00:00:10]} 8. O-O {[%clk
01:31:42]} {[%emt 00:00:16]} O-O {[%clk 01:32:54]} {[%emt 00:00:14]} 9. c3
{[%clk 01:31:53]} {[%emt 00:00:19]} a5 {[%clk 01:33:14]} {[%emt 00:00:10]} 10.
a4 {[%clk 01:30:32]} {[%emt 00:01:51]} Qe7 {[%clk 01:32:22]} {[%emt 00:01:21]}
11. Qc2 {[%clk 01:30:41]} {[%emt 00:00:23]} h6 {[%clk 01:29:04]} {[%emt
00:03:48]} 12. Nc4 {[%clk 01:28:20]} {[%emt 00:02:50]} b6 {[%clk 01:26:38]}
{[%emt 00:02:57]} 13. Be3 {[%clk 01:25:08]} {[%emt 00:03:42]} Ba6 {[%clk
01:25:51]} {[%emt 00:01:17]} 14. Nfd2 {[%clk 01:20:03]} {[%emt 00:05:35]} Bxe3
{[%clk 01:22:06]} {[%emt 00:04:14]} 15. fxe3 {[%clk 01:20:20]} {[%emt
00:00:13]} Qc5 {[%clk 01:21:22]} {[%emt 00:01:15]} 16. b3 {[%clk 01:19:17]}
{[%emt 00:01:33]} Rad8 {[%clk 01:17:28]} {[%emt 00:04:24]} 17. Rad1 {[%clk
01:09:58]} {[%emt 00:09:50]} Rd7 {[%clk 01:14:41]} {[%emt 00:03:15]} 18. Bh3
{[%clk 01:09:40]} {[%emt 00:00:49]} Rdd8 {[%clk 01:14:38]} {[%emt 00:00:33]}
19. Rf2 {[%clk 01:06:41]} {[%emt 00:03:30]} Bxc4 {[%clk 01:12:05]} {[%emt
00:03:01]} 20. Nxc4 {[%clk 01:04:44]} {[%emt 00:02:28]} Rxd1+ {[%clk 01:12:21]}
{[%emt 00:00:14]} 21. Qxd1 {[%clk 01:05:10]} {[%emt 00:00:04]} Nxe4 {[%clk
01:12:27]} {[%emt 00:00:24]} 22. Rc2 {[%clk 01:05:04]} {[%emt 00:00:36]} Rd8
{[%clk 01:11:57]} {[%emt 00:00:59]} 23. Qe2 {[%clk 01:05:23]} {[%emt 00:00:12]}
Qd5 {[%clk 01:10:29]} {[%emt 00:01:56]} 24. Rc1 {[%clk 01:04:40]} {[%emt
00:01:16]} Nc5 {[%clk 01:06:56]} {[%emt 00:04:02]} 25. Bg2 {[%clk 01:03:55]}
{[%emt 00:01:15]} e4 {[%clk 01:06:56]} {[%emt 00:00:29]} 26. Rb1 {[%clk
01:03:03]} {[%emt 00:01:23]} g6 {[%clk 00:50:18]} {[%emt 00:17:08]} 27. h3
{[%clk 00:55:59]} {[%emt 00:07:34]} Kg7 {[%clk 00:47:43]} {[%emt 00:03:04]} 28.
Kh2 {[%clk 00:55:19]} {[%emt 00:01:10]} Ne5 {[%clk 00:46:56]} {[%emt 00:01:17]}
29. Nxe5 {[%clk 00:54:59]} {[%emt 00:00:51]} Qxe5 {[%clk 00:47:19]} {[%emt
00:00:07]} 30. b4 {[%clk 00:54:55]} {[%emt 00:00:34]} Nxa4 {[%clk 00:46:59]}
{[%emt 00:00:50]} 0-1

[Event "ODJM A 2025"]
[Site "Willingen GER"]
[Date "2025.06.13"]
[Round "8"]
[White "Walz, Fabian"]
[Black "Brau, Luca"]
[Result "1-0"]
[Termination "normal"]
[Board "21"]
[WhiteElo "1960"]
[BlackElo "1911"]
[WhiteClock "00:24:10"]
[BlackClock "00:00:35"]
[PlyCount "132"]
[WhiteFideId "34618520"]
[BlackFideId "34680756"]
[EventCountry "GER"]
[EventRounds "9"]
[EventType "swiss"]
[EventDate "2025.06.07"]

1. d4 {[%clk 01:30:49]} {[%emt 00:00:09]} d5 {[%clk 01:30:21]} {[%emt
00:00:40]} 2. c4 {[%clk 01:31:14]} {[%emt 00:00:06]} c6 {[%clk 01:30:47]}
{[%emt 00:00:04]} 3. Nf3 {[%clk 01:31:35]} {[%emt 00:00:08]} Nf6 {[%clk
01:30:59]} {[%emt 00:00:17]} 4. g3 {[%clk 01:31:59]} {[%emt 00:00:07]} Bf5
{[%clk 01:28:08]} {[%emt 00:03:21]} 5. Nc3 {[%clk 01:32:19]} {[%emt 00:00:10]}
e6 {[%clk 01:27:29]} {[%emt 00:01:09]} 6. Qb3 {[%clk 01:32:40]} {[%emt
00:00:09]} Qb6 {[%clk 01:25:33]} {[%emt 00:02:27]} 7. c5 {[%clk 01:32:22]}
{[%emt 00:00:48]} Qxb3 {[%clk 01:23:15]} {[%emt 00:02:48]} 8. axb3 {[%clk
01:32:45]} {[%emt 00:00:06]} Na6 {[%clk 01:22:21]} {[%emt 00:01:25]} 9. Ra4
{[%clk 01:33:08]} {[%emt 00:00:06]} Bc2 {[%clk 01:06:06]} {[%emt 00:16:45]} 10.
Bg2 {[%clk 01:32:50]} {[%emt 00:00:47]} Nd7 {[%clk 00:53:48]} {[%emt 00:12:49]}
11. Bf4 {[%clk 01:21:06]} {[%emt 00:12:13]} Naxc5 {[%clk 00:45:17]} {[%emt
00:09:02]} 12. dxc5 {[%clk 01:13:37]} {[%emt 00:08:00]} Nxc5 {[%clk 00:45:30]}
{[%emt 00:00:16]} 13. Ra2 {[%clk 01:13:07]} {[%emt 00:00:59]} Nxb3 {[%clk
00:43:31]} {[%emt 00:02:31]} 14. O-O {[%clk 01:09:32]} {[%emt 00:04:02]} f6
{[%clk 00:38:25]} {[%emt 00:05:38]} 15. Ne1 {[%clk 00:54:11]} {[%emt 00:15:50]}
Bg6 {[%clk 00:37:04]} {[%emt 00:01:53]} 16. Nd3 {[%clk 00:50:54]} {[%emt
00:03:46]} e5 {[%clk 00:31:28]} {[%emt 00:06:07]} 17. Bc1 {[%clk 00:48:45]}
{[%emt 00:02:37]} Bf7 {[%clk 00:28:07]} {[%emt 00:03:53]} 18. Nb1 {[%clk
00:46:12]} {[%emt 00:03:02]} d4 {[%clk 00:26:13]} {[%emt 00:02:24]} 19. Ra4
{[%clk 00:45:51]} {[%emt 00:00:50]} Kd7 {[%clk 00:20:15]} {[%emt 00:06:29]} 20.
Nd2 {[%clk 00:42:59]} {[%emt 00:03:21]} Nxd2 {[%clk 00:19:27]} {[%emt
00:01:18]} 21. Bxd2 {[%clk 00:43:21]} {[%emt 00:00:08]} Bd6 {[%clk 00:17:19]}
{[%emt 00:02:39]} 22. Rc1 {[%clk 00:39:44]} {[%emt 00:04:07]} Rhc8 {[%clk
00:13:31]} {[%emt 00:04:18]} 23. Rca1 {[%clk 00:33:45]} {[%emt 00:06:29]} a6
{[%clk 00:10:37]} {[%emt 00:03:24]} 24. Rc1 {[%clk 00:31:31]} {[%emt 00:02:43]}
Bb3 {[%clk 00:08:37]} {[%emt 00:02:31]} 25. Raa1 {[%clk 00:30:53]} {[%emt
00:01:08]} Bd5 {[%clk 00:06:45]} {[%emt 00:02:22]} 26. Bh3+ {[%clk 00:25:40]}
{[%emt 00:05:42]} Be6 {[%clk 00:06:49]} {[%emt 00:00:28]} 27. Bxe6+ {[%clk
00:25:38]} {[%emt 00:00:32]} Kxe6 {[%clk 00:07:12]} {[%emt 00:00:07]} 28. b4
{[%clk 00:25:37]} {[%emt 00:00:31]} b6 {[%clk 00:06:23]} {[%emt 00:01:18]} 29.
Nb2 {[%clk 00:25:23]} {[%emt 00:00:42]} c5 {[%clk 00:04:57]} {[%emt 00:01:58]}
30. bxc5 {[%clk 00:17:53]} {[%emt 00:07:59]} Bxc5 {[%clk 00:03:39]} {[%emt
00:01:48]} 31. Na4 {[%clk 00:17:16]} {[%emt 00:01:07]} Kd5 {[%clk 00:03:24]}
{[%emt 00:00:45]} 32. Bb4 {[%clk 00:13:11]} {[%emt 00:04:35]} Rc6 {[%clk
00:02:05]} {[%emt 00:01:50]} 33. Bxc5 {[%clk 00:13:04]} {[%emt 00:00:37]} bxc5
{[%clk 00:02:21]} {[%emt 00:00:13]} 34. Rab1 {[%clk 00:13:28]} {[%emt
00:00:07]} Ra7 {[%clk 00:01:35]} {[%emt 00:01:15]} 35. Rb8 {[%clk 00:10:39]}
{[%emt 00:03:19]} Rac7 {[%clk 00:00:36]} {[%emt 00:01:28]} 36. Nb6+ {[%clk
00:10:33]} {[%emt 00:00:37]} Ke6 {[%clk 00:00:36]} {[%emt 00:00:26]} 37. Nc4
{[%clk 00:10:41]} {[%emt 00:00:26]} Kd5 {[%clk 00:00:34]} {[%emt 00:00:33]} 38.
Re8 {[%clk 00:10:39]} {[%emt 00:00:30]} h5 {[%clk 00:00:32]} {[%emt 00:00:34]}
39. Rd8+ {[%clk 00:10:46]} {[%emt 00:00:22]} Ke6 {[%clk 00:00:43]} {[%emt
00:00:19]} 40. Rb1 {[%clk 00:10:59]} {[%emt 00:00:17]} Rc8 {[%clk 00:00:33]}
{[%emt 00:00:41]} 41. Rxc8 {[%clk 00:06:49]} {[%emt 00:04:40]} Rxc8 {[%clk
00:00:56]} {[%emt 00:00:07]} 42. e4 {[%clk 00:07:13]} {[%emt 00:00:06]} dxe3
{[%clk 00:14:04]} {[%emt 00:17:22]} 43. Nxe3 {[%clk 00:35:32]} {[%emt
00:02:10]} Rc6 {[%clk 00:13:20]} {[%emt 00:01:13]} 44. Kf1 {[%clk 00:34:12]}
{[%emt 00:01:51]} g5 {[%clk 00:11:17]} {[%emt 00:02:34]} 45. Ke2 {[%clk
00:33:18]} {[%emt 00:01:23]} f5 {[%clk 00:10:34]} {[%emt 00:01:13]} 46. Rb7
{[%clk 00:26:41]} {[%emt 00:07:08]} f4 {[%clk 00:09:09]} {[%emt 00:01:55]} 47.
Nc4 {[%clk 00:27:03]} {[%emt 00:00:08]} e4 {[%clk 00:03:38]} {[%emt 00:06:00]}
48. Nd2 {[%clk 00:26:08]} {[%emt 00:01:25]} e3 {[%clk 00:02:30]} {[%emt
00:01:38]} 49. fxe3 {[%clk 00:26:22]} {[%emt 00:00:17]} fxg3 {[%clk 00:02:06]}
{[%emt 00:00:54]} 50. hxg3 {[%clk 00:26:46]} {[%emt 00:00:07]} Kf5 {[%clk
00:01:56]} {[%emt 00:00:38]} 51. Nf3 {[%clk 00:26:11]} {[%emt 00:01:07]} g4
{[%clk 00:00:54]} {[%emt 00:01:32]} 52. Ne1 {[%clk 00:25:00]} {[%emt 00:01:39]}
c4 {[%clk 00:00:41]} {[%emt 00:00:42]} 53. Nc2 {[%clk 00:23:01]} {[%emt
00:02:30]} Kg5 {[%clk 00:00:36]} {[%emt 00:00:35]} 54. Nd4 {[%clk 00:22:54]}
{[%emt 00:00:37]} Rf6 {[%clk 00:00:39]} {[%emt 00:00:27]} 55. Rc7 {[%clk
00:23:06]} {[%emt 00:00:18]} h4 {[%clk 00:00:34]} {[%emt 00:00:35]} 56. Rc5+
{[%clk 00:23:30]} {[%emt 00:00:07]} Kh6 {[%clk 00:00:32]} {[%emt 00:00:32]} 57.
gxh4 {[%clk 00:23:55]} {[%emt 00:00:06]} g3 {[%clk 00:00:35]} {[%emt 00:00:27]}
58. Nf5+ {[%clk 00:24:10]} {[%emt 00:00:15]} 1-0 [ePGN "0.1;DGT
LiveChess/2.2.7"]